000 00451nam a2200145Ia 4500
008 230917s9999||||xx |||||||||||||| ||und||
040 _e158592
_aMAIN
041 _aEnglish
082 _a891.43172109 SR19R
100 _aशर्मा, सुरेश
245 0 _aरघुवीर सहाय का कविकर्म
260 _aदिल्ली
_bवाणी प्रकाशन
_c2002
300 _a170 पृ. p.
942 _cHN
999 _c128904
_d128904